Library of the University of Algiers 3
Ibrahim Sultan Cheibout
شعار جامعة الجزائر 3
مكتبة جامعة الجزائر 3
إبراهيم سلطان شيبوط

العقود الادارية والتحكيم / (رقم التسجيلة. 46002)

تفاصيل مارك
000 -LEADER
fixed length control field 01022nam a2200205Ia 4500
003 - CONTROL NUMBER IDENTIFIER
control field Ost
005 - DATE AND TIME OF LATEST TRANSACTION
control field 20260507075728.0
008 - FIXED-LENGTH DATA ELEMENTS--GENERAL INFORMATION
fixed length control field 260507s9999||||xx |||||||||||||| ||und||
040 ## - CATALOGING SOURCE
Transcribing agency fsecg
041 ## - LANGUAGE CODE
Language code of text/sound track or separate title ara
082 ## - DEWEY DECIMAL CLASSIFICATION NUMBER
Classification number 346.02
100 ## - MAIN ENTRY--PERSONAL NAME
Personal name الحلو، ماجد راغب
Relator term مؤلف
245 #0 - TITLE STATEMENT
Title العقود الادارية والتحكيم /
Statement of responsibility, etc. ماجد راغب الحلو
260 ## - PUBLICATION, DISTRIBUTION, ETC.
Place of publication, distribution, etc. الاسكندية:
Name of publisher, distributor, etc. دار الجامعة الجديدة,
Date of publication, distribution, etc. 2003
300 ## - PHYSICAL DESCRIPTION
Extent 203 صفحة؛
Dimensions 24 سم
520 ## - SUMMARY, ETC.
Summary, etc. تحديد العقد الاداري ، أنواع العقد الاداري ، تكوين العقد الاداري ، تفسير العقود وعيوب الارادة ، أثار العقد الاداري ، العقد الاداري بين ادارتين ، مشروعية العقد الاداري ، التحكيم والعقد الاداري التصالح والعقد الاداري
653 ## - INDEX TERM--UNCONTROLLED
Uncontrolled term العقود الادارية
653 ## - INDEX TERM--UNCONTROLLED
Uncontrolled term القانون الاداري
942 ## - ADDED ENTRY ELEMENTS (KOHA)
Koha item type كتب
المقتنيات
Withdrawn status Lost status Source of classification or shelving scheme Damaged status Not for loan Home library Current library Date acquired Serial enumeration / chronology Inventory number Total checkouts Full call number Barcode Date last seen Price effective from Koha item type
    Library of Congress Classification   NOT LOAN / إعارة داخلية مكتبة كلية العلوم الإقتصادية والعلوم التجارية وعلوم التسيير مكتبة كلية العلوم الإقتصادية والعلوم التجارية وعلوم التسيير 07/05/2026 الطابق الأرضي 1145/1   أ/1145ن1 1145/1 07/05/2026 07/05/2026 كتب
    Dewey Decimal Classification   Available مكتبة كلية العلوم الإقتصادية والعلوم التجارية وعلوم التسيير مكتبة كلية العلوم الإقتصادية والعلوم التجارية وعلوم التسيير 07/05/2026 الطابق الثاني 1145/2   أ/1145ن2 1145/2 07/05/2026 07/05/2026 كتب

موارد الويب المفتوحة


© University of Algiers 3 All Rights Reserved
|
Implemented by LECHELAH Riad